| 000 | 00871nam a22002532 4500 | ||
|---|---|---|---|
| 001 | 0000023665 | ||
| 005 | 20151217152246.0 | ||
| 008 | 130315s xx 000 0 eng d | ||
| 020 | _a019920447 : | ||
| 040 |
_aKABU _cKABU |
||
| 245 | 1 | 0 |
_aEmergencies in respiratory medicine / _cedited by Robert Parker, Catherine Thomas, Lesley Bennett. |
| 250 | _a1st ed. | ||
| 260 |
_aOxford : _bO. U. P., _c2007. |
||
| 300 | _axvii, 371 p. | ||
| 650 | 0 |
_aRespiratory emergencies. _@0000183260 |
|
| 650 | 0 |
_aRespiratory system _vHandbooks _xInjuries. _@0000183261 |
|
| 650 | 0 |
_aRespiratory tract diseases _vHandbooks _xTherapy. _@0000183262 |
|
| 700 | 1 |
_aParker, Robert. _@0000023150 |
|
| 700 | 1 |
_aThomas, Catherine. _@0000183263 |
|
| 700 | 1 |
_aBennett, Lesley. _@0000183264 |
|
| 852 | 1 | _9p2745 KES | |
| 908 | _a130315 | ||
| 950 | _@1 | ||
| 999 |
_c9914 _d9914 |
||